| 000 | 00345nam a22001457a 4500 | ||
|---|---|---|---|
| 003 | OSt | ||
| 005 | 20220104153130.0 | ||
| 008 | 220104b |||||||| |||| 00| 0 eng d | ||
| 020 | _a9788120341272 | ||
| 040 | _cHU | ||
| 082 |
_22nd _a006.7 |
||
| 100 |
_aPakhira _927124 |
||
| 245 | _aComputer Graphics Multimedia Animation | ||
| 942 |
_2ddc _cBOOKS _n0 |
||
| 999 |
_c26023 _d26023 |
||